Statistiche per Nazioni con più di una Capitale

Clicka qui per fare il quiz!

Statistiche generali

  • Questo quiz è stato fatto 20 volte
  • Il punteggio medio è 3 su 6

Statistiche sulle risposte

CapitaliDettagliContinenteNazioni% Corretto
PretoriaCapitale amministrativa e esecutivaAfricaSudafrica
100%
SucreCapitale costituzionaleAmerica del SudBolivia
88%
Kuala LumpurCapitale costituzionale e legislativa (Parlamento) e sede dello Yang di-Pertuan AgongAsiaMalaysia
44%
AmsterdamCapitale ufficialeEuropaPaesi Bassi
44%
ColomboCapitale esecutiva e giuridicaAsiaSri Lanka
19%
MbabaneCapitale amministrativaAfricaeSwatini
13%

Distribuzione punteggi

Percentile per numero di risposta

Percentuale di utenti per punteggio

I tuoi punteggi nel tempo

Non hai fatto questo quiz